000 00822nam a22001817a 4500
003 OSt
005 20161003121513.0
008 161003b xxu||||| |||| 00| 0 eng d
040 _aSEKU
050 _aGE 140
_b.N3
100 _aMasila, Muloo Samson
245 _aEFFECTS OF LAND DEGRADATION ON AGRICULTURAL LAND USE: A CASE STUDY OF SMALLHOLDER FARMERS INDIGENOUS KNOWLADGE ON LAND USE PLANNING AND MANAGEMENT IN KALAMA DIVISION, MACHAKOS COUNTY/
_bA Thesis Submitted in Partial Fulfillment of the Requirements for the Award of Master of Science in Environmental Management the School of Environment and Natural Resources Management of South Eastern Kenya University
_cSamson Muloo Masila
260 _c2016.
300 _a53 p.
650 _aEnvironmental degradatio
650 _aSoil degradetion
942 _2lcc
_cTHE
999 _c15409
_d15409